| 000 | 00627nam a22001937a 4500 | ||
|---|---|---|---|
| 005 | 20251108180001.0 | ||
| 008 | 250721s2023 xx 000 0 ara d | ||
| 082 | 1 | 4 | _a415.2/عبا |
| 100 | 1 | _aالعباسي، نيران كنعان محمد | |
| 245 | 1 | 0 | _aالخلاف الصرفي بين المجرد و المزيد في لسان العرب / |
| 264 | 1 |
_aعمان : _bدار غيداء للنشر، _c2023. |
|
| 300 | _a489ص. | ||
| 650 | 1 | 7 | _aاللغة العربية |
| 650 | 1 | 7 | _aعلم الصرف |
| 650 | 1 | 7 | _aالافعال(نحو) |
| 650 | 1 | 7 | _aقواعد اللغة |
| 942 |
_2ddc _cBK |
||
| 999 |
_c147008 _d147008 |
||